[Event "Titled Tue 3rd Jun Early"]
[Site "chess.com INT"]
[Date "2025.06.03"]
[Round "4"]
[White "Sadubayev, Airat"]
[Black "Haug, Havard"]
[Result "0-1"]
[WhiteTitle "FM"]
[BlackTitle "FM"]
[WhiteElo "2211"]
[BlackElo "2354"]
[WhiteFideId "13713264"]
[BlackFideId "1547887"]
[EventDate "2025.06.03"]

1. d4 g6 2. c4 Bg7 3. Nc3 c6 4. e4 d5 5. cxd5 cxd5 6. exd5 Nf6 7. Qa4+ Nbd7 8.
Bc4 O-O 9. Nf3 Nb6 10. Qb3 Nxc4 11. Qxc4 b6 12. Ne5 Bb7 13. Nc6 Qd7 14. O-O Rfe8
15. Bg5 Rac8 16. Rfe1 h6 17. Bxf6 Bxf6 18. Qa4 Bxc6 19. dxc6 Qxc6 20. Qxc6 Rxc6
21. Re4 Rc4 22. Rd1 Rd8 23. d5 Rxe4 24. Nxe4 Bxb2 25. Kf1 f5 26. Ng3 Be5 27. Ne2
e6 28. f4 Bb8 29. g3 Rxd5 30. Rc1 Rc5 31. Rd1 Bc7 32. Rd7 e5 33. fxe5 Bxe5 34.
Kf2 Rc2 35. Kf3 Rxa2 36. h4 g5 37. hxg5 hxg5 38. Rd5 g4+ 39. Ke3 Ra3+ 40. Kf2
Ra5 41. Rd7 b5 42. Rd5 Bc7 43. Rxf5 b4 44. Rf6 b3 45. Rg6+ Kf7 46. Rxg4 Rb5 47.
Nc3 b2 48. Nb1 Be5 49. Ra4 Kg6 50. Ke2 Rc5 51. Rxa7 Rc1 52. Nd2 Bc3 53. Rb7 Bxd2
54. Rxb2 Bg5 55. Rb3 Rc2+ 56. Kd3 Ra2 57. Kc4 Kh5 58. Rd3 Kg4 59. Rb3 Ra4+ 60.
Kb5 Ra8 61. Rd3 Re8 62. Rb3 Be3 63. Rd3 Kxg3 64. Kc6 Kf4 65. Kd7 Rh8 66. Rd1 Ke4
67. Re1 Rh3 68. Ke7 Kd4 69. Kd7 Bf4 70. Rd1+ Ke4 71. Re1+ Kf5 72. Rf1 Rc3 73.
Ke8 Rc7 74. Kf8 Ra7 75. Rf2 Ke5 76. Kg8 Ra4 77. Rf1 Ke6 78. Kh7 Be5 0-1

[Event "Titled Tue 3rd Jun Early"]
[Site "chess.com INT"]
[Date "2025.06.03"]
[Round "4"]
[White "Drygalov, Sergey"]
[Black "Sammed Jaykumar, Shete"]
[Result "1-0"]
[WhiteTitle "GM"]
[BlackTitle "IM"]
[WhiteElo "2560"]
[BlackElo "2377"]
[WhiteFideId "24171743"]
[BlackFideId "5073421"]
[EventDate "2025.06.03"]

1. d4 Nf6 2. c4 e6 3. Nf3 Bb4+ 4. Nbd2 O-O 5. a3 Bxd2+ 6. Qxd2 d6 7. b4 a5 8. b5
b6 9. e3 Qe7 10. Bb2 Nbd7 11. Be2 e5 12. O-O Re8 13. Rfe1 e4 14. Ng5 h6 15. Nh3
Nf8 16. Nf4 g5 17. Nd5 Nxd5 18. cxd5 Bb7 19. Bc4 Nh7 20. Qc2 g4 21. Be2 h5 22.
Rac1 Rac8 23. Kh1 Bxd5 24. Bc4 Qg5 25. Bxd5 Qxd5 26. a4 Nf6 27. Ba3 Kg7 28. Qe2
Re7 29. Rc6 Rh8 30. Rec1 Ne8 31. Bb2 Kg6 32. Kg1 f5 33. Ba3 Rhh7 34. Bb2 h4 35.
Kf1 Kg5 36. Ke1 Nf6 37. R6c4 Qe6 38. Kd2 Nd5 39. Ba3 Qf7 40. Kc2 f4 41. exf4+
Qxf4 42. Re1 Qf5 43. Bc1+ Kg6 44. Be3 Nb4+ 45. Kb1 Nd5 46. Rec1 h3 47. gxh3 Rxh3
48. Rg1 Kh5 49. Rcc1 Nxe3 50. fxe3 Qf3 51. Qc4 Qxe3 52. Kb2 Rxh2+ 53. Kb1 Qd3+
54. Qxd3 exd3 55. Rcd1 Re3 56. Rgf1 g3 57. Rf7 g2 58. Rh7+ Kg4 59. Rxh2 Kg3 60.
Rh7 Kf2 61. Rg7 Rg3 62. Rd2+ Ke3 63. Rxg3+ Kxd2 64. Rxg2+ Kc3 65. Kc1 Kxd4 66.
Kd2 Kc4 67. Rg4+ Kb3 68. Kxd3 1-0

[Event "Titled Tue 3rd Jun Early"]
[Site "chess.com INT"]
[Date "2025.06.03"]
[Round "4"]
[White "Kornev, Alexei"]
[Black "Ter-Sahakyan, Samvel"]
[Result "1/2-1/2"]
[WhiteTitle "GM"]
[BlackTitle "GM"]
[WhiteElo "2500"]
[BlackElo "2611"]
[WhiteFideId "4120949"]
[BlackFideId "13302531"]
[EventDate "2025.06.03"]

1. d4 Nf6 2. g3 e6 3. Bg2 d5 4. Nf3 Be7 5. O-O O-O 6. Ne5 c5 7. dxc5 Bxc5 8. c4
Nc6 9. Nxc6 bxc6 10. Qc2 Bd6 11. Nd2 Qe7 12. e4 d4 13. Nf3 e5 14. Ne1 Nd7 15.
Nd3 Nc5 16. Bd2 a5 17. Rae1 a4 18. f4 Nxd3 19. Qxd3 f6 20. fxe5 Bxe5 21. Bf4 Be6
22. Rf2 Qc5 23. b3 axb3 24. axb3 Ra3 25. Bc1 Ra1 26. Ref1 Rfa8 27. Bf4 h6 28. h4
Rxf1+ 29. Bxf1 Ra1 30. Kg2 Qa5 31. Qf3 Ra2 32. Be2 Qc3 33. Qh5 Bf7 34. Qg4 h5
35. Qf5 d3 36. Bxe5 Qxe5 37. Qxe5 fxe5 38. Bf3 Ra3 39. Bd1 Ra1 40. Rd2 Be6 41.
Bxh5 Rb1 42. Bd1 c5 43. Kf2 Kf7 44. Ke3 Kf6 45. g4 Kg6 46. Rxd3 Kf7 47. Rd2 Ra1
48. g5 Ra8 49. Bh5+ Ke7 50. Bf3 Rb8 51. Rd3 g6 52. Rc3 Rh8 53. h5 gxh5 54. Rc1
h4 55. Rh1 h3 56. Be2 Rg8 57. Bf1 Rxg5 58. Kf3 Rh5 59. Kg3 Rh8 60. Bxh3 Rb8 61.
Bxe6 Rxb3+ 62. Kg4 Kxe6 63. Rh6+ Kd7 64. Kf5 Rc3 65. Kxe5 Rxc4 66. Kd5 Rd4+ 67.
Kxc5 Rxe4 68. Kd5 Re7 69. Rd6+ Ke8 70. Re6 Rxe6 71. Kxe6 1/2-1/2

[Event "Titled Tue 3rd Jun Early"]
[Site "chess.com INT"]
[Date "2025.06.03"]
[Round "4"]
[White "Mikhailova, Irina"]
[Black "Piddubna, Bozhena"]
[Result "1-0"]
[WhiteTitle "WGM"]
[BlackTitle "WFM"]
[WhiteElo "2143"]
[BlackElo "2174"]
[WhiteFideId "4109040"]
[BlackFideId "34109293"]
[EventDate "2025.06.03"]

1. d4 Nf6 2. Nf3 e6 3. c4 b6 4. a3 Bb7 5. Nc3 Ne4 6. Nxe4 Bxe4 7. Nd2 Bb7 8. e4
Be7 9. Bd3 O-O 10. O-O f5 11. exf5 exf5 12. d5 d6 13. Nf3 Bc8 14. Nd4 Bf6 15.
Ne6 Bxe6 16. dxe6 Be5 17. f4 Bd4+ 18. Kh1 c5 19. Re1 Nc6 20. Qe2 Ne7 21. Be3 Bf6
22. Rab1 Qc8 23. Bf2 Re8 24. Qc2 g6 25. Be2 Rb8 26. Bf3 Nc6 27. Bd5 Re7 28. b4
Nd8 29. Re2 Kg7 30. Rbe1 Nc6 31. b5 Nd4 32. Bxd4 Bxd4 33. g4 Qf8 34. gxf5 Qxf5
35. Qxf5 gxf5 36. Rg2+ Kf6 37. Ree2 Rc8 38. Rg5 h6 39. Rg3 Rcc7 40. Reg2 Rg7 41.
a4 Rxg3 42. hxg3 Rg7 43. Kh2 Ke7 44. Kh3 Rg4 45. Bf3 Rg7 46. Re2 Rg6 47. Bd5 Bc3
48. Rg2 Bd4 49. g4 fxg4+ 50. Rxg4 Rxg4 51. Kxg4 Kf6 52. Kh5 Be3 53. f5 Bg5 54.
Kg4 Ke7 55. Bc6 Kf6 56. Bf3 Bc1 57. Be4 Bd2 58. Bc6 Bc1 59. Bd7 Bg5 60. Kf3 Ke5
61. Bc8 Bf6 62. Kg4 Bg5 63. Kh5 Kf6 64. Bd7 Bf4 65. Kg4 Bg5 66. Kf3 Bc1 67. Ke4
Bg5 68. Kd5 Bf4 69. Kc6 h5 70. Kb7 h4 71. Bc6 Bg5 72. Kxa7 Kxf5 73. Kxb6 Kxe6
74. Bd5+ Ke5 75. Kb7 Bd2 76. b6 Ba5 77. Kc6 Bxb6 78. Kxb6 h3 79. a5 Kd4 80. a6
h2 81. a7 h1=Q 82. Bxh1 Kxc4 83. a8=Q d5 84. Qxd5+ Kc3 85. Qxc5+ Kb2 86. Qb4+
Ka1 87. Kc5 Ka2 88. Kc4 Ka1 89. Kc3 Ka2 90. Qb2# 1-0

[Event "Titled Tue 3rd Jun Early"]
[Site "chess.com INT"]
[Date "2025.06.03"]
[Round "4"]
[White "Rentsen, Erdenetulga"]
[Black "Genkeswaran, Genivan"]
[Result "1-0"]
[BlackTitle "CM"]
[WhiteElo "2182"]
[BlackElo "2197"]
[WhiteFideId "4901320"]
[BlackFideId "5754496"]
[EventDate "2025.06.03"]

1. e4 c6 2. d4 d5 3. exd5 cxd5 4. Bd3 Nc6 5. c3 Nf6 6. h3 e6 7. Nf3 Bd6 8. O-O
O-O 9. Re1 Re8 10. Nbd2 Bd7 11. Nf1 e5 12. dxe5 Nxe5 13. Nxe5 Bxe5 14. Be3 Bc6
15. Bc2 Qc7 16. Bd4 Ne4 17. Bxe5 Rxe5 18. Ne3 Rae8 19. Qd4 g6 20. Rad1 h5 21.
Bb3 Nf6 22. Qxa7 Kg7 23. Qd4 Re4 24. Qd2 R4e5 25. Bc2 h4 26. Qd4 b6 27. a4 b5
28. axb5 Bxb5 29. Bb3 Bc4 30. Bc2 Kg8 31. Ra1 Bb5 32. Red1 Be2 33. Rd2 Bc4 34.
Rdd1 Ne4 35. Bxe4 Rxe4 36. Qf6 Qc5 37. Nxc4 dxc4 38. Qf3 Qe5 39. Rf1 Rf4 40. Qd1
Qg5 41. Qd2 Ree4 42. Rad1 Qf5 43. Rfe1 Kg7 44. Rxe4 Rxe4 45. Re1 Rxe1+ 46. Qxe1
Qd3 47. Qe5+ f6 48. Qe7+ Kh6 49. Qxf6 Qe4 50. Qf8+ Kg5 51. Qd8+ Kf5 52. Qd2 Qb1+
53. Kh2 Qe4 54. g3 hxg3+ 55. fxg3 Qf3 56. Qg2 Qd1 57. Qf2+ Ke5 58. Kg2 Kd5 59.
Qf3+ Qxf3+ 60. Kxf3 Ke5 61. Ke3 g5 62. Kf3 Kf5 63. Ke3 Ke5 64. h4 gxh4 65. gxh4
Kf5 66. Kd4 Kg4 67. Kxc4 Kxh4 68. b4 Kg3 69. Kd5 Kf2 70. b5 Ke2 71. c4 Kd2 72.
c5 Kc2 73. c6 Kb2 74. c7 Kc1 75. c8=Q+ Kd1 76. b6 Kd2 77. b7 Kd1 78. b8=Q Ke1
79. Qc4 Kf2 80. Qbb4 Kg1 81. Qc1+ Kh2 82. Qc2+ Kg3 83. Qcc3+ Kf2 84. Qbb2+ Kf1
85. Qcc1# 1-0

[Event "Titled Tue 3rd Jun Early"]
[Site "chess.com INT"]
[Date "2025.06.03"]
[Round "4"]
[White "Lazaro Azcutia, Miguel"]
[Black "Carlsson, Ludvig"]
[Result "1-0"]
[WhiteTitle "CM"]
[BlackTitle "IM"]
[WhiteElo "2275"]
[BlackElo "2374"]
[WhiteFideId "54538254"]
[BlackFideId "1727010"]
[EventDate "2025.06.03"]

1. e4 c6 2. d4 d5 3. exd5 cxd5 4. c4 Nf6 5. Nc3 Nc6 6. Nf3 a6 7. a3 g6 8. h3 Bg7
9. c5 Ne4 10. Qc2 O-O 11. Be3 b6 12. cxb6 Qxb6 13. Na4 Qb7 14. Rc1 Bd7 15. b4
Nxb4 16. axb4 Qxb4+ 17. Nc3 Rfc8 18. Bd2 Nxd2 19. Qxd2 Rc6 20. Nd1 Re6+ 21. Ne3
Qa3 22. Be2 Bh6 23. Qc3 Qa2 24. Qc2 Qa3 25. Qc3 Qa2 26. Qd2 Qb3 27. Bd1 Qb5 28.
Be2 Qb3 29. Rc3 Qb1+ 30. Qc1 Qb4 31. O-O a5 32. Qa3 Bc6 33. Ra1 Rb8 34. Qxa5
Qxa5 35. Rxa5 Kg7 36. Ra1 Rb6 37. Rac1 Bb7 38. Kh2 Rb2 39. R3c2 Rxc2 40. Rxc2
Bxe3 41. fxe3 Rxe3 42. Rd2 Bc6 43. Kg3 Bd7 44. Kf2 Ra3 45. Ne5 Be6 46. Bd3 Ra4
47. Nf3 Rb4 48. Re2 Bd7 49. Rxe7 Be6 50. Ra7 Kf6 51. Ra2 Rb3 52. Rd2 Rc3 53. Be2
h5 54. Ne5 Rc1 55. Nf3 Rc7 56. h4 Ra7 57. Ne5 Ra4 58. Bf3 Rb4 59. Kg3 Rb3 60.
Kf4 Rb1 61. Ra2 Rd1 62. Ra4 Rd2 63. Ke3 Rb2 64. g3 Rb3+ 65. Kf4 Rc3 66. Rb4 Rc1
67. Nd3 Rf1 68. Rb3 Bg4 69. Ne5 Be6 70. Ke3 Rg1 71. Kf2 Rc1 72. Rb6 Rc2+ 73. Ke1
Rc3 74. Bxd5 Rxg3 75. Bxe6 fxe6 76. Rb7 Rh3 77. Rf7# 1-0

[Event "Titled Tue 3rd Jun Early"]
[Site "chess.com INT"]
[Date "2025.06.03"]
[Round "4"]
[White "Klymchuk, Andriy"]
[Black "Demchenko, Anton"]
[Result "1/2-1/2"]
[WhiteTitle "FM"]
[BlackTitle "GM"]
[WhiteElo "2405"]
[BlackElo "2619"]
[WhiteFideId "14140063"]
[BlackFideId "4160258"]
[EventDate "2025.06.03"]

1. e4 g6 2. d4 Bg7 3. Nc3 d6 4. Nf3 Nf6 5. Be2 O-O 6. O-O a6 7. a4 Nc6 8. d5 Na7
9. h3 e5 10. dxe6 Bxe6 11. Bg5 h6 12. Be3 Re8 13. Qd2 Kh7 14. Rfe1 Nc6 15. Rad1
Bd7 16. Bc4 Qe7 17. Bf4 Ne5 18. Nxe5 dxe5 19. Be3 Rad8 20. Qe2 Bc6 21. f3 Nh5
22. Nd5 Bxd5 23. Bxd5 c6 24. Bb3 b5 25. axb5 axb5 26. c4 b4 27. c5 Nf4 28. Qc4
Ne6 29. Qxb4 Nd4 30. Bxd4 exd4 31. Qc4 Rd7 32. f4 Rb8 33. g3 Rb5 34. e5 Rxc5 35.
Qd3 Rb7 36. Re2 Rcb5 37. Bc4 Rxb2 38. Rde1 Rxe2 39. Rxe2 c5 40. h4 h5 41. Kg2
Rb4 42. Ra2 Qb7+ 43. Kf2 Rb2+ 44. Rxb2 Qxb2+ 45. Kf3 Qc3 46. Qxc3 dxc3 47. Bb3
Kg8 48. Ke2 Kf8 49. Kd3 f6 50. exf6 Bxf6 51. Bc2 Bd4 52. Ke2 Kf7 53. Kf3 Kf6 54.
g4 c4 55. g5+ Kg7 56. Be4 Bc5 57. Bc2 Bd6 58. Bb1 Bb4 59. Bc2 Ba5 60. Bb1 c2 61.
Bxc2 Be1 62. Bb1 Bxh4 63. Bc2 Be1 64. Bb1 Bb4 65. Bc2 Bd2 66. Bb1 h4 67. Kg4 Be1
68. Bc2 Bg3 69. Bb1 c3 70. Bc2 Kf7 71. Bb1 Bh2 72. Bc2 h3 73. Kxh3 Bxf4 74. Kg4
Bd2 75. Bb1 Kg7 76. Bc2 Be3 77. Bb1 Bc5 78. Bc2 Be7 79. Bb1 Bd6 80. Bc2 Bc5 81.
Bb1 Be3 82. Bc2 Bd2 83. Bb1 Kf7 84. Bc2 Bc1 85. Bb1 Bd2 86. Bc2 Bc1 87. Bb1 Bd2 1/2-1/2

[Event "Titled Tue 3rd Jun Early"]
[Site "chess.com INT"]
[Date "2025.06.03"]
[Round "4"]
[White "Tarnowska, Aleksandra"]
[Black "Porozhnyak, Maya"]
[Result "1/2-1/2"]
[WhiteTitle "WCM"]
[BlackTitle "WCM"]
[WhiteElo "1882"]
[BlackElo "1974"]
[WhiteFideId "1180967"]
[BlackFideId "34115843"]
[EventDate "2025.06.03"]

1. e4 c5 2. Nf3 e6 3. c3 d5 4. exd5 Qxd5 5. d4 Nf6 6. Bb5+ Nc6 7. O-O cxd4 8.
Bxc6+ Qxc6 9. Nxd4 Qb6 10. Be3 Qxb2 11. Nd2 Bd7 12. N2f3 Nd5 13. Bg5 f6 14. Bh4
Be7 15. Re1 Qb6 16. Rb1 Qa6 17. Qb3 O-O 18. Qxb7 Qxb7 19. Rxb7 Bc8 20. Rb3 e5
21. Nc6 Re8 22. c4 Nb6 23. Nfxe5 g5 24. Rg3 fxe5 25. Bxg5 Bxg5 26. Rxg5+ Kh8 27.
Rgxe5 Rxe5 28. Rxe5 Bb7 29. c5 Nc4 30. Re6 Bxc6 31. Rxc6 Kg7 32. g3 Kf7 33. Rc7+
Ke6 34. Rxh7 a5 35. Rh5 Rc8 36. a4 Nb2 37. c6 Nc4 38. Rc5 Ne5 39. Rxa5 Nxc6 40.
Ra6 Kd7 41. f4 Rb8 42. f5 Rb2 43. g4 Ne5 44. g5 Nf3+ 45. Kf1 Nxg5 46. f6 Rxh2
47. Ra7+ Ke6 48. a5 Kxf6 49. a6 Ra2 50. Ke1 Ne4 51. Rh7 Ke5 52. a7 Kd4 53. Kd1
Kd3 54. Kc1 Kc3 55. Rc7+ Kb3 56. Rb7+ Kc4 57. Re7 Nc5 58. Rc7 Ra6 59. Kc2 Ra2+
60. Kb1 Ra5 61. Kc1 Kc3 62. Rxc5+ Rxc5 63. a8=Q Kc4 64. Kd1 Kd4 65. Qa4+ Rc4 66.
Qd7+ Kc5 67. Ke2 Rd4 68. Qc7+ Kd5 69. Ke3 Rc4 70. Qd7+ Kc5 71. Qe7+ Kd5 72. Qg5+
Kd6 73. Kd3 Rc5 74. Qf6+ Kc7 75. Kd4 Rc6 76. Qe7+ Kb6 77. Kd5 Rh6 78. Qb4+ Kc7
79. Qc3+ Kd7 80. Qb4 Rh5+ 81. Kc4 Rh4+ 82. Kb5 Rxb4+ 83. Kxb4 1/2-1/2

[Event "Titled Tue 3rd Jun Early"]
[Site "chess.com INT"]
[Date "2025.06.03"]
[Round "4"]
[White "Rohit, S"]
[Black "Pribelszky, Bence"]
[Result "1/2-1/2"]
[WhiteTitle "FM"]
[BlackTitle "IM"]
[WhiteElo "2241"]
[BlackElo "2400"]
[WhiteFideId "46633847"]
[BlackFideId "769738"]
[EventDate "2025.06.03"]

1. e4 c5 2. Nf3 d6 3. d4 cxd4 4. Nxd4 Nf6 5. Nc3 e6 6. g4 Nc6 7. g5 Nd7 8. Be3
Be7 9. f4 h6 10. Qh5 g6 11. Qh3 Nxd4 12. Bxd4 e5 13. Be3 exf4 14. Bxf4 Ne5 15.
Qg3 Bxg5 16. Bxe5 Bh4 17. Bxh8 Be6 18. Bd4 Qg5 19. Bf2 Bxg3 20. hxg3 Rc8 21. Bd3
a6 22. Ne2 Bc4 23. Nf4 Bxd3 24. cxd3 Rc2 25. O-O h5 26. Ng2 Rxb2 27. d4 Rc2 28.
e5 d5 29. Rab1 b5 30. Rbe1 Kd7 31. a3 Rc3 32. Be3 Qxg3 33. Rxf7+ Ke8 34. Rf6 Rc2
35. Rf2 Rc3 36. Bf4 Qg4 37. e6 h4 38. Bd6 Rf3 39. Rxf3 Qxf3 40. Nxh4 Qg4+ 41.
Ng2 Qxd4+ 42. Re3 Qa1+ 43. Kh2 Qf6 44. Bg3 g5 45. e7 d4 46. Re2 Qh6+ 47. Kg1 Qc6
48. Be5 d3 49. Re1 Kxe7 50. Bc3+ Kd7 51. Bd2 Qc2 52. Bxg5 d2 53. Bxd2 Qxd2 54.
Kf1 Qd3+ 55. Kf2 Qxa3 56. Rd1+ Kc6 57. Ne3 Qc5 58. Ke2 b4 59. Kd2 Qd4+ 60. Ke2
Qe4 61. Rc1+ Kb5 62. Kd2 Qd4+ 63. Ke2 b3 64. Nd1 a5 65. Rb1 Qe4+ 66. Kd2 Qxb1
67. Nc3+ Kb4 68. Nxb1 a4 69. Kc1 a3 70. Nd2 Kc3 71. Ne4+ Kd4 72. Nd2 a2 73. Kb2
Kd3 74. Nxb3 a1=Q+ 75. Nxa1 1/2-1/2

[Event "Titled Tue 3rd Jun Early"]
[Site "chess.com INT"]
[Date "2025.06.03"]
[Round "4"]
[White "Squella Lavin, Carlos Felipe"]
[Black "Novosel, Lovro"]
[Result "0-1"]
[WhiteTitle "FM"]
[BlackTitle "FM"]
[WhiteElo "2230"]
[BlackElo "2346"]
[WhiteFideId "3406792"]
[BlackFideId "14547120"]
[EventDate "2025.06.03"]

1. d4 Nf6 2. c4 c5 3. d5 b5 4. cxb5 a6 5. bxa6 d6 6. Nc3 g6 7. g3 Bxa6 8. Bg2
Bg7 9. Nf3 O-O 10. O-O Nbd7 11. Rb1 Qa5 12. Qc2 Rfb8 13. b3 Ne8 14. Bd2 Nc7 15.
a4 Qb6 16. Rfd1 Rb7 17. Be1 Rab8 18. Bf1 Ne5 19. Nxe5 Bxe5 20. e4 Bxf1 21. Kxf1
Qa6+ 22. Qe2 Rxb3 23. Qxa6 Nxa6 24. Nb5 c4 25. Rbc1 Rc8 26. Bc3 Bxc3 27. Rxc3
Rxc3 28. Nxc3 Nc5 29. Rb1 Rc7 30. Rb8+ Kg7 31. Ke2 h5 32. Ke3 Kf6 33. h4 Nd3 34.
f3 Ne5 35. Kf4 Ra7 36. g4 hxg4 37. fxg4 Nd3+ 38. Ke3 Ne5 39. Kf4 Kg7 40. h5 Kh6
41. Rh8+ Kg7 42. Rb8 gxh5 43. gxh5 Kh6 44. Rh8+ Kg7 45. Rb8 Kf6 46. Rg8 Rb7 47.
h6 Ng6+ 48. Ke3 Rb2 49. h7 Rh2 50. h8=Q+ Nxh8 51. Kd4 Ng6 52. Kxc4 Ne5+ 53. Kb5
Rb2+ 54. Ka6 Rb3 55. Rc8 Nd3 56. Nb5 Nc5+ 57. Ka5 Nxe4 58. Rc4 Nc5 59. Kb6 Rb1
60. a5 e6 61. dxe6 fxe6 62. Rf4+ Ke5 63. Rf2 Na4+ 64. Ka7 d5 65. Nc7 Nc5 66.
Re2+ Kf5 67. Na6 Nxa6 68. Kxa6 e5 69. Ka7 e4 70. a6 Ke5 71. Ra2 d4 72. Ka8 e3
73. a7 d3 74. Ra5+ Ke4 75. Ra6 d2 76. Rb6 Ra1 77. Re6+ Kf3 78. Rf6+ Ke2 79. Kb7
Rxa7+ 80. Kxa7 d1=Q 81. Kb6 Qd3 82. Kc6 Kd2 83. Rd6 e2 84. Rxd3+ Kxd3 0-1

[Event "Titled Tue 3rd Jun Early"]
[Site "chess.com INT"]
[Date "2025.06.03"]
[Round "4"]
[White "Zhigalko, Sergei"]
[Black "Aarit Kapil"]
[Result "1/2-1/2"]
[WhiteTitle "GM"]
[BlackTitle "CM"]
[WhiteElo "2572"]
[BlackElo "2098"]
[WhiteFideId "13502956"]
[BlackFideId "33408947"]
[EventDate "2025.06.03"]

1. e4 c5 2. Nf3 d6 3. d4 cxd4 4. Qxd4 Nf6 5. Nc3 Nc6 6. Bb5 Bd7 7. Bxc6 Bxc6 8.
Bg5 e5 9. Qd3 Be7 10. O-O-O O-O 11. Bxf6 Bxf6 12. Qxd6 Qa5 13. Nd5 Qxa2 14.
Nxf6+ gxf6 15. Qa3 Qxa3 16. bxa3 Bxe4 17. Rhe1 Bg6 18. Rd7 Rac8 19. Re2 Rc3 20.
Nh4 Rfc8 21. Nxg6 hxg6 22. Rxb7 Rxa3 23. Kb2 Ra6 24. Rd2 Rcc6 25. Rdd7 Rab6+ 26.
Kc1 Rxb7 27. Rxb7 a6 28. Ra7 f5 29. Kd2 e4 30. h4 Kg7 31. g3 Kf6 32. Kd1 Kg7 33.
Kd2 Rd6+ 34. Ke2 Rf6 35. Ke3 Kh6 36. Ra8 Rc6 37. Kd2 g5 38. hxg5+ Kxg5 39. Ra7
f6 40. Rg7+ Kh6 41. Rg8 Kh7 42. Ra8 Kg6 43. Rg8+ Kf7 44. Ra8 Ke6 45. Ra7 Ke5 46.
Re7+ Re6 47. Ra7 f4 48. Ke2 Kf5 49. gxf4 Kxf4 50. Ra8 Rc6 51. c4 f5 52. c5 Ke5
53. Ke3 f4+ 54. Ke2 Kd4 55. Rd8+ Kxc5 56. Rf8 f3+ 57. Ke3 Kd5 58. Rd8+ Ke5 59.
Re8+ Re6 60. Ra8 Kf5 61. Rf8+ Kg4 62. Rg8+ Kh3 63. Kf4 Kh2 64. Ke3 a5 65. Ra8
Re5 66. Rg8 a4 67. Ra8 Kg2 68. Rxa4 Rb5 69. Ra2 Rb4 70. Rc2 Kg1 71. Rc1+ Kg2 72.
Rc2 Ra4 73. Rb2 Kh3 74. Kf4 Kh2 75. Rc2 Kg1 76. Ke3 Kf1 77. Rc1+ Kg2 78. Rc2 Rb4
79. Ra2 Kh3 80. Kf4 Kh2 81. Ke3 Kh1 82. Rc2 Kg1 83. Ra2 Kg2 84. Rc2 1/2-1/2

[Event "Titled Tue 3rd Jun Early"]
[Site "chess.com INT"]
[Date "2025.06.03"]
[Round "4"]
[White "Rustamov, Rustam"]
[Black "Aronian, Levon"]
[Result "0-1"]
[WhiteTitle "FM"]
[BlackTitle "GM"]
[WhiteElo "2323"]
[BlackElo "2747"]
[WhiteFideId "13440110"]
[BlackFideId "13300474"]
[EventDate "2025.06.03"]

1. e4 e6 2. d4 d5 3. Nd2 c5 4. Ngf3 cxd4 5. Nxd4 Ne7 6. exd5 Nxd5 7. Bb5+ Bd7 8.
Bxd7+ Nxd7 9. O-O Be7 10. c4 N5f6 11. N2f3 O-O 12. b3 a6 13. Qe2 Qc7 14. Rd1
Rfe8 15. Bb2 Bc5 16. Nc2 Rad8 17. Ne3 Ne4 18. Nd2 Nxd2 19. Rxd2 Nf6 20. Rad1
Rxd2 21. Rxd2 Rd8 22. Rxd8+ Qxd8 23. Qd1 Qc7 24. Qf3 Be7 25. g3 h6 26. Ng4 Nxg4
27. Qxg4 Bf8 28. Kg2 Qa5 29. a3 Qd2 30. Ba1 Qd3 31. Qf3 Qxf3+ 32. Kxf3 Bxa3 33.
Ke2 Bc5 34. f3 h5 35. h3 g6 36. g4 f5 37. gxh5 gxh5 38. Be5 Kf7 39. Kd3 Ke7 40.
Bf4 Bd6 41. Bg5+ Kd7 42. Bd2 Kc6 43. Bc3 b5 44. Bd2 Kc5 45. cxb5 axb5 46. Kc3
Kd5 47. Kd3 e5 48. Bc1 e4+ 49. fxe4+ fxe4+ 50. Ke2 Bc5 51. Bb2 Bd4 52. Bc1 Bc3
53. Be3 Bb2 54. Bf2 Bd4 55. Be1 Bf6 56. Bf2 Bg5 57. Bb6 Bf4 58. Bf2 Bd6 59. Be3
Ba3 60. Bh6 Bb2 61. Bg5 Bc3 62. Bh6 Kc5 63. Bf8+ Kd5 64. Bh6 Be5 65. Bf8 Kd4 66.
Bb4 Bf4 67. Be1 Bd6 68. Bd2 Ba3 69. Be1 Bb2 70. Ba5 Bc3 71. Bb6+ Kd5 72. Be3 Be5
73. Bd2 Bd6 74. Be3 Bc5 75. Bd2 Kd4 76. Be3+ Kd5 77. Bd2 Bd4 78. Be1 Bf6 79. Bb4
Bg5 80. Be1 Kd4 81. Ba5 Bf4 82. Be1 e3 83. Ba5 Bg3 84. Bb4 Be5 85. Be1 Bd6 86.
Ba5 Ba3 87. Be1 Bc1 88. Bb4 Bd2 89. Bxd2 exd2 90. Kxd2 h4 91. b4 Kc4 0-1

[Event "Titled Tue 3rd Jun Early"]
[Site "chess.com INT"]
[Date "2025.06.03"]
[Round "4"]
[White "Radchenko, Alexey"]
[Black "Karimova, Guldona"]
[Result "0-1"]
[WhiteTitle "FM"]
[BlackTitle "WIM"]
[WhiteElo "2293"]
[BlackElo "2265"]
[WhiteFideId "4192362"]
[BlackFideId "14210410"]
[EventDate "2025.06.03"]

1. d4 Nf6 2. c4 e6 3. Nf3 b6 4. Bf4 Bb7 5. Nbd2 Be7 6. e3 O-O 7. Bd3 h6 8. Qc2
d6 9. g4 Nbd7 10. h4 Nxg4 11. O-O-O Nxf2 12. Rdg1 Nxd3+ 13. Qxd3 Kh8 14. Ng5
Bxg5 15. hxg5 Bxh1 16. gxh6 g6 17. Rxh1 Kh7 18. Nf3 f6 19. e4 e5 20. Be3 Qe7 21.
d5 a5 22. Rg1 Nc5 23. Qc2 a4 24. Nh4 Rg8 25. Rg3 a3 26. b4 Na6 27. Qg2 Qf7 28.
Bd2 c5 29. b5 Nb4 30. Bc3 Raf8 31. Nf3 Nd3+ 32. Kd2 Nf4 33. Qf1 Qa7 34. Qd1 Ra8
35. Ke3 Qa4 36. Qxa4 Rxa4 37. Nd2 f5 38. Rg1 Kxh6 39. Kf3 Rf8 40. Ke3 g5 41.
Rh1+ Kg6 42. exf5+ Rxf5 43. Ba1 Ng2+ 44. Ke2 g4 45. Ne4 Rxc4 46. Nxd6 Rc2+ 47.
Kd3 Rxa2 48. Nxf5 Kxf5 49. d6 Nf4+ 50. Kc4 Rc2+ 51. Kb3 Rd2 52. Re1 Rd5 53. d7
Rxd7 54. Rxe5+ Kg6 55. Re4 Rd3+ 56. Kc2 Rf3 57. Bc3 g3 58. Re1 g2 59. Rg1 Rf1
60. Rxg2+ Nxg2 61. Kb3 Ne3 62. Kxa3 Nd5 63. Bd2 Kf5 64. Kb3 Ke4 65. Kc4 Ne3+ 66.
Kc3 Ra1 67. Kb2 Ra4 68. Kb3 Ra8 69. Bc3 Nd5 70. Bb2 Kd3 71. Be5 c4+ 72. Kb2 c3+
73. Kb3 c2 74. Bb2 Ne3 75. Bc1 Nd5 76. Bb2 Nc3 77. Bc1 Ne2 78. Bb2 c1=Q 79. Bxc1
Nxc1+ 80. Kb2 Ne2 81. Kb3 Nd4+ 82. Kb4 Ne6 83. Kb3 Nc5+ 84. Kb2 Ra4 85. Kb1 Kd2
86. Kb2 Rb4+ 87. Ka3 Rxb5 88. Ka2 Kc2 89. Ka3 Nb3 90. Ka4 Ra5+ 91. Kb4 Nc5 92.
Kc4 Kd2 93. Kb4 Ra8 94. Kc4 Nd7 95. Kb5 Rc8 96. Kb4 Kd3 97. Kb5 Rc5+ 98. Kb4 Ne5
99. Kb3 Rb5+ 100. Ka4 Kc4 101. Ka3 Nc6 102. Ka4 Ra5# 0-1